Rembrandt and his world.

Bibliographic Details
Main Author: Stearns, Monroe
Format: Book
Language:English
Published: New York : F. Watts, [1967]
Series:Immortals of art.
Subjects:

MARC

Tag First Indicator Second Indicator Subfields
LEADER 00000cam a22000001 4500
001 in00000021218
005 20151007061018.0
008 740502s1967 nyuac b 00000beng
010 |a  67001733  
035 |a (OCoLC)01128963 
035 |9 AAD0831AM 
040 |a DLC  |c DLC  |d TXA  |d UtOrBLW 
049 |a TXAM  |c [474844] 
050 0 |a ND653.R4  |b S7 
082 0 |a 759.9/492  |a B 
092 |a 759.94  |b R385Ys 
100 1 |a Stearns, Monroe. 
245 1 0 |a Rembrandt and his world. 
264 1 |a New York :  |b F. Watts,  |c [1967] 
300 |a viii, 216 pages :  |b illustrations, portraits ;  |c 25 cm. 
336 |a text  |b txt  |2 rdacontent 
337 |a unmediated  |b n  |2 rdamedia 
338 |a volume  |b nc  |2 rdacarrier 
490 1 |a Immortals of art 
504 |a Bibliography: pages 206-209. 
600 0 0 |a Rembrandt Harmenszoon van Rijn,  |d 1606-1669. 
830 0 |a Immortals of art. 
999 |a MARS 
999 f f |s be80635d-4ea8-388d-baf3-12fc62b8575f  |i 8c7b4378-c04c-3bd0-a5a9-d2d693bf45e6  |t 0 
952 f f |p ric  |a Texas A&M University  |b Rellis Campus  |c Joint Library Facility  |d Remote Storage  |t 0  |e ND653.R4 S7  |h Library of Congress classification  |i unmediated -- volume  |m A14801158845 
998 f f |a ND653.R4 S7  |t 0  |l Remote Storage